Statistics for Blake Shelton Charting Songs (Billboard Hot 100)

Click here to take the quiz!

General Stats

  • This quiz has been taken 27 times
    (2 since last reset)
  • The average score is 18 of 42

Answer Stats

AlbumWeeks OnPeakArtist(s)Song% Correct
Based on a True Story...21 Weeks#12Blake Shelton ft. The Pistol AnniesBoys 'round Here
100%
Texoma Shore20 Weeks#56Blake SheltonI'll Name The Dogs
100%
Fully Loaded: God's Country23 Weeks#17Blake SheltonGod's Country
100%
Red River Blue20 Weeks#13Blake SheltonHoney Bee
100%
Blake Shelton20 Weeks#18Blake SheltonAustin
100%
Based on a True Story...20 Weeks#24Blake SheltonSure Be Cool If You Did
100%
All About Tonight19 Weeks#37Blake SheltonAll About Tonight
100%
Hillbilly Bone20 Weeks#40Blake Shelton ft. Trace AdkinsHillbilly Bone
100%
All About Tonight20 Weeks#46Blake SheltonWho Are You When I'm Not Looking
50%
Bringing Back The Sunshine17 Weeks#47Blake Shelton ft. Ashley MonroeLonely Tonight
50%
Body Language12 Weeks#67Blake SheltonMinimum Wage
50%
If I'm Honest12 Weeks#61Blake SheltonShe's Got a Way With Words
50%
Footloose (Soundtrack)2 Weeks#63Blake SheltonFootloose
50%
Blake Shelton's Barn & Grill9 Weeks#73Blake SheltonGoodbye Time
50%
Fun5 Weeks#78Garth Brooks & Blake SheltonDive Bar
50%
Pure BS6 Weeks#79Blake SheltonDon't Make Me
50%
Pure BS20 Weeks#41Blake SheltonHome
50%
Startin' Fires20 Weeks#43Blake SheltonShe Wouldn't Be Gone
50%
Fully Loaded: God's Country1 Week#99Blake Shelton ft. Trace AdkinsHell Right
50%
Based on a True Story...17 Weeks#35Blake SheltonDoin What She Likes
50%
Fully Loaded: God's Country25 Weeks#18Blake Shelton Duet with Gwen StefaniNobody But You
50%
Red River Blue25 Weeks#22Blake SheltonGod Gave Me You
50%
Based on a True Story...20 Weeks#28Blake SheltonMine Would Be You
50%
The Dreamer20 Weeks#28Blake SheltonThe Baby
50%
Blake Shelton's Barn & Grill20 Weeks#28Blake SheltonSome Beach
50%
Body Language22 Weeks#32Blake Shelton ft. Gwen StefaniHappy Anywhere
50%
Bringing Back The Sunshine20 Weeks#38Blake SheltonSangria
50%
Bringing Back The Sunshine18 Weeks#54Blake SheltonGonna
0%
If I'm Honest11 Weeks#56Blake SheltonEvery Time I Hear That Song
0%
Non-Album Single1 Week#57Blake Shelton & Dia FramptonI Won't Back Down
0%
Blake Shelton's Barn & Grill14 Weeks#60Blake SheltonNobody But Me
0%
If I'm Honest17 Weeks#42Blake SheltonA Guy With A Girl
0%
Texoma Shore18 Weeks#63Blake SheltonI Lived It
0%
If I'm Honest19 Weeks#36Blake SheltonCame Here to Forget
0%
If I'm Honest1 Week#70Blake Shelton ft. Gwen StefaniGo Ahead and Break My Heart
0%
Lotus2 Weeks#71Christina Aguilera with Blake SheltonJust a Fool
0%
Red River Blue18 Weeks#43Blake SheltonOver
0%
Startin Fires14 Weeks#76Blake SheltonJust Hold On
0%
Red River Blue19 Weeks#39Blake SheltonDrink On It
0%
Bringing Back The Sunshine20 Weeks#43Blake SheltonNeon Light
0%
Body Language1 Week#91Blake SheltonCome Back as a Country Boy
0%
Based on a True Story...16 Weeks#39Blake Shelton ft. Gwen SebastianMy Eyes
0%

Score Distribution

Percentile by Number Answered

Percent of People with Each Score

Your Score History

You have not taken this quiz since the last reset